Equilibrio químico /
Guardado en:
| Autor Principal: | |
|---|---|
| Formato: | Libro |
| Idioma: | Spanish English |
| Publicado: |
New York ; Buenos Aires :
Harper & Row,
c1970.
|
| Materias: | |
| Etiquetas: |
Agregar Etiqueta
Sin Etiquetas, Sea el primero en etiquetar este registro!
|
| LEADER | 00721nam a22002055a 4500 | ||
|---|---|---|---|
| 001 | EIQ.libpla000751 | ||
| 008 | 060511s1970####nyua##########001#0#spa#d | ||
| 005 | 20060511192349.0 | ||
| 245 | 1 | 0 | |a Equilibrio químico / |c Allen J. Bard. |
| 260 | |a New York ; |a Buenos Aires : |b Harper & Row, |c c1970. | ||
| 300 | |a 222 p. : |b il. ; |c 21 cm. | ||
| 500 | |a Traducción de Chemical equilibrium. | ||
| 500 | |a Traducción y adaptación de Juan De La Rubia Pacheco, José Doria Rico. | ||
| 500 | |a Incluye índice. | ||
| 100 | 1 | |a Bard, Allen J. | |
| 650 | 4 | |a Equilibrio químico |x Teoría. | |
| 650 | 4 | |a Chemical equilibrium |x Theory. | |
| 040 | |a AR-BbSID |b spa |c AR-BbSID | ||
| 041 | 1 | |a spa |h eng | |
| 859 | |a AR-BbSID |b BIB. PLAPIQUI |h 541.392 |i B 235 |p 464 | ||
